00338nam a2200109Ia 4500008004100000100002100041245007000062245002200132260000900154650001700163856004800180160609s9999 xx 000 0 und d aShackleton, Mei. aFrom Tragedy to Challenge: The Impact of Disabilities on Families cby Mei Shackleton c2012 xDISABILITIES uhttp://www.smashwords.com/books/view/139237